000 00240nam a22000857a 4500
999 _c11402
_d11402
008 190416b ||||| |||| 00| 0 eng d
020 _a1855391740
100 _97134
_aBOWKETT STEPHEN
245 _aCATCH MINITALES SHORT HORROR STORIES WIRH A STING